00218nam a22000857a 4500020001500000100002200015245005300037260003100090300001100121 a0590329723 aBarbara B. Hiller aThe Fantastic Journey of the Space Shuttle Astra aNew YorkbScholasticc1984 a55 pgs